000 01263nab a22002417a 4500
999 _c5897
_d5897
003 OSt
005 20260110001001.0
008 190605e xxu||||| |||| 00| 0 spa d
040 _cPJ
100 _96770
_aAlderete, Manuel
245 1 3 _aEl Estado empleador. ¿Cómo contrata la Administración pública nacional a sus agentes? /
_cManuel Alderete.
260 _aCiudad Autónoma de Buenos Aires :
_bThomson Reuters La Ley,
_c2023.
300 _ap. 5-17
500 _aCita: TR LALEY AR/DOC/1975/2023.
505 _aSumario: I. Introducción.— II. El trabajo en sus diversas formas: los distintos mecanismos de contratación del empleo estatal.— III. Conclusión.
505 _aFallo comentado: TTrab. N°1, San Miguel ~ 02/03/2023 ~ Gorosito, Alejandro Alberto c. La Segunda Aseguradora de Riesgos del Trabajo SA s/ accidente de trabajo - acción especial.
505 _t¿Te interesa el texto completo? Solicitalo al correo: koha@justierradelfuego.gov.ar
650 0 _91316
_aDERECHO LABORAL
650 0 _9938
_aEMPLEO PUBLICO
650 0 _9877
_aADMINISTRACION PUBLICA
773 0 _02711
_93168
_dCiudad Autónoma de Buenos Aires : Thomson Reuters La Ley, 1999-2002.
_tRevista de derecho del trabajo. Nº 5 - Septiembre 2023
942 _2udc
_cANA